| 000 | 02378cam a22004574i 4500 | ||
|---|---|---|---|
| 003 | PE-LiUPU | ||
| 005 | 20250731173127.0 | ||
| 008 | 150623s1962 miu r 000 0 eng d | ||
| 020 | _a031028130X | ||
| 035 | _a(Sirsi) i9780310281306 | ||
| 040 |
_aPE-LiUPU _bspa _cPE-LiUPU _erda |
||
| 049 | _aPRUA | ||
| 082 | 0 | 4 |
_a220.8 _bA3 _221 |
| 100 | 1 |
_aLockyer, Herbert, _eautor. |
|
| 245 | 1 | 0 |
_aAll the promises of the Bible : _ba unique compilation and exposition of divine promises in scripture. _n13 / _cHerbert Lockyer. |
| 264 | 1 |
_aGrand Rapids : _bZondervan Publishing House, _c1962. |
|
| 300 |
_a351 páginas ; _c24 centímetros. |
||
| 336 |
_atext _2rdacontent |
||
| 337 |
_aunmediated _2rdamedia |
||
| 338 |
_avolume _2rdacarrier |
||
| 490 | 0 |
_aThe All Series by Herbert Lockyer ; _v13 |
|
| 505 | 0 | _aThe substance of the promises -- The simplicity of the promises -- The stipulation of the promises -- The surety of the promises -- The source of the promises -- The security of the promises -- The scope of the promises -- The promises and the jewish world -- The promises and the gentile world -- The promises and the natural world -- The promises and the christian world -- Promises relative to Christ -- Promises relative to christian scriptures -- Promises relative to the christian church -- Promises relative to christian doctrine -- Promises relative to the christian -- Promises and the temporal realm -- Promises and the physical realm -- Promises relative to the marital realm -- Promises relative to the spiritual realm -- Promises relative to the eternal realm -- Promises relative to christian literature. | |
| 526 | _aSEG42 | ||
| 526 | _aSEG41 | ||
| 526 | _aSEG40 | ||
| 526 | _aSEG39 | ||
| 526 | _aP94 | ||
| 526 | _aP87 | ||
| 526 | _aP86 | ||
| 526 | _aP85 | ||
| 526 | _aP77 | ||
| 526 | _aP76 | ||
| 526 | _aP35 | ||
| 650 | 1 | 4 |
_aDios _xPromesas _xEnseñanza bíblica. |
| 942 |
_2ddc _cBOOK |
||
| 949 |
_a220.8 A3 13 _wDEWEY _c1 _i51265 _lCCODEBUL1 _mBUL _p15.00 _r0 _sY _tBOOK _u2015-6-24 _xTEOLOGIA _PP35 _0COMPRA _o.STAFF. Colección General |
||
| 994 |
_aC0 _bPEPRU |
||
| 596 | _a1 | ||
| 999 |
_a220.8 A3 13 _wDEWEY _c32974 _i51265 _f2021-11-9 _g5 _lCCODEBUL1 _mBUL _p15.00 _r0 _sY _tBOOK _u2015-6-24 _xTEOLOGIA _PP35 _0COMPRA _o.STAFF. Colección Teología _d32974 |
||
| 980 |
_81 _gALBERTO SANCHEZ Responsable de Automatización |
||